000 00600 a2200193 4500
001 75949
005 20260318113350.0
090 _a75949
100 _a20260318d1975 a||y0pory50 ba
101 0 _apor
102 _aPT
200 1 _aMoby Dick
_fHerman Melville
_gilust. de Balter
_gtrad. Maria de Lourdes, Gian Faroppa
210 _aQueluz de Baixo
_cDidt̀ica ed.
_d1975
215 _a58, [2] p.
_cil.
225 2 _aAventura
_eas mais cľebres obras da literatura juvenil
_v3
606 _aLiteratura juvenil
_92126
675 _a821.111-311.3
_vBN
_zpor
700 _aMelville
_bHerman
_f1819-1891
_931344
942 _cMON
_n0